The Dhammapada / (Record no. 68027)

MARC details
000 -LEADER
fixed length control field 01142cam a2200289 a 4500
001 - CONTROL NUMBER
control field sa 66001856
003 - CONTROL NUMBER IDENTIFIER
control field DLC
005 - DATE AND TIME OF LATEST TRANSACTION
control field 20260227112225.0
008 - FIXED-LENGTH DATA ELEMENTS--GENERAL INFORMATION
fixed length control field 720816r19651881ii b 001 0 eng
010 ## - LIBRARY OF CONGRESS CONTROL NUMBER
LC control number sa 66001856
035 ## - SYSTEM CONTROL NUMBER
System control number (OCoLC)383919
040 ## - CATALOGING SOURCE
Original cataloging agency DLC
Transcribing agency DLC
041 1# - LANGUAGE CODE
Language code of text/sound track or separate title eng
Language code of original pli
050 00 - LIBRARY OF CONGRESS CALL NUMBER
Classification number BQ1372.E5
Item number M85 1965
130 0# - MAIN ENTRY--UNIFORM TITLE
Uniform title Tipiṭaka.
Name of part/section of a work Suttapiṭaka.
-- Khuddakanikāya.
-- Dhammapada.
Language of a work English.
245 14 - TITLE STATEMENT
Title The Dhammapada /
Statement of responsibility, etc. translated from Pāli by F. Max Müller. The Sutta-nipâta / translated from Pâli by V. Fausböll.
260 ## - PUBLICATION, DISTRIBUTION, ETC.
Place of publication, distribution, etc. Delhi :
Name of publisher, distributor, etc. Motilal Banarsidass,
Date of publication, distribution, etc. 1965.
300 ## - PHYSICAL DESCRIPTION
Extent 2 v. in 1 ;
Dimensions 22 cm.
440 #0 - SERIES STATEMENT/ADDED ENTRY--TITLE
Title Sacred books of the East series ;
Volume/sequential designation v. 10
440 #0 - SERIES STATEMENT/ADDED ENTRY--TITLE
Title UNESCO collection of representative works.
Name of part/section of a work Indian series
500 ## - GENERAL NOTE
General note Reprint. Originally published: Oxford : Clarendon Press, 1881.
504 ## - BIBLIOGRAPHY, ETC. NOTE
Bibliography, etc. note Includes bibliographical references and indexes.
700 1# - ADDED ENTRY--PERSONAL NAME
Personal name Müller, F. Max
Fuller form of name (Friedrich Max),
Dates associated with a name 1823-1900
Relator term tr.
700 1# - ADDED ENTRY--PERSONAL NAME
Personal name Fausbøll, V.
Fuller form of name (Viggo),
Dates associated with a name 1821-1908.
730 02 - ADDED ENTRY--UNIFORM TITLE
Uniform title Tipiṭaka.
Name of part/section of a work Suttapiṭaka.
-- Khuddakanikāya.
-- Suttanipāta.
Language of a work English.
740 02 - ADDED ENTRY--UNCONTROLLED RELATED/ANALYTICAL TITLE
Uncontrolled related/analytical title Sutta-nipâta.

No items available.

Powered by Koha